Click the Airport Code - Statistics

General Stats
  • This quiz has been taken 10,104 times
  • The average score is 16 of 20
Answer Stats
Hint Answer % Correct
New York JFK
91%
Los Angeles LAX
90%
Stuttgart STR
90%
Barcelona BCN
89%
Wellington WLG
89%
London LHR
87%
Vancouver YVR
87%
Grenoble GNB
85%
Paris CDG
82%
Lagos LOS
82%
Baghdad BGW
78%
Bangalore BLR
78%
Mumbai BOM
77%
Beijing PEK
75%
Houston IAH
73%
Rome FCO
70%
Chicago ORD
68%
Seoul ICN
61%
Orlando MCO
53%
Sao Paulo GRU
51%
No matching quizzes found
Score Distribution
Percent of People with Each Score
Percentile by Number Answered
Your Score History
You have not taken this quiz